000 01414nam a2200277Ia 4500
005 20190306101140.0
008 130821s1933 fr fr 0 f fre
040 _aCo-BoUCM
_bspa
_cSandra Yazo
_dSandra Yazo
041 _afre
082 0 4 _a843.91
_220
092 _aE48N031
100 1 _aMalraux, André
_d1901-1976‏
_995732
242 0 3 _aLa condición humana
_bNueva Revista Francesa
_cAndrés Malraux
_yspa
245 1 3 _aLa condition humaine
_bNouvelle Revue Française
_cAndré Malraux
250 _aDeux cent vingtième édition [Ducentésima vigésima edición]
260 _aParís (Francia)
_bLibrairie Gallimard ; Imprimerie Moderne [Librería Gallimard ; Imprenta Moderna]
_c1933
300 _a404 páginas
_c19 x 12 cm.
500 _aDetalles físicos: Encuadernación flexible en cartulina, impresión a dos tintas. Hoja de cortesía. Anteportada. Portada impresa en una sola tinta, con iniciales (de la revista donde apareció originalmente). Texto impreso en una sola columna, con diversos tipos de letra. Índice. Encuadernación en regular estado, sucia y con dobleces. Desde la página 87 hojas sin refilar
505 0 _aCondición Humana: Partes I a VII
506 _aConsulta en sala
546 _aTexto en francés
650 7 _aLiteratura francesa
_97794
650 7 _aNovela francesa
_920506
690 _aLiteratura europea
_926524
942 _cLIBRO
_e1
_2LOCAL
_hE48N031
999 _c311719
_d311719